| 000 | 00964nam a2200265 a 4500 | ||
|---|---|---|---|
| 001 | 50230 | ||
| 003 | BD-RjUL | ||
| 005 | 20211209075458.0 | ||
| 008 | 160824r20071953b ||||| |||| 00| 0 eng d | ||
| 020 | _a9788175222646(V.34) | ||
| 020 | _a978817522021X(set). | ||
| 035 | _a(BD-RjUL)50350 | ||
| 040 |
_aBD-RjUL _bben _cBD-RjUL |
||
| 041 | _aben | ||
| 082 |
_223 _a781.1 _bTAG 2007 |
||
| 100 | 1 |
_aঠাকুর, রবীন্দ্রনাথ _9150555 |
|
| 245 | 1 | 0 |
_aগীতমালিকা / _c রবীন্দ্রনাথ ঠাকুর |
| 260 |
_aকলকাতা : _bবিশ্বভারতী গ্রন্থবিভগ, _c২০০৭ |
||
| 300 |
_aখণ্ড ; _c২৭ সেমি |
||
| 490 | _aস্বরবিতান ৩০ সিরিজ | ||
| 505 | 0 | _aখণ্ড--১ | |
| 650 |
_aসঙ্গীতের মূলনীতি _9150489 |
||
| 650 |
_aBasic Principles of Music _9150469 |
||
| 942 |
_2ddc _cBK |
||
| 999 |
_c50230 _d50230 |
||